<?xml version="1.0" encoding="UTF-8"?>
<record
    xmlns:xsi="http://www.w3.org/2001/XMLSchema-instance"
    xsi:schemaLocation="http://www.loc.gov/MARC21/slim http://www.loc.gov/standards/marcxml/schema/MARC21slim.xsd"
    xmlns="http://www.loc.gov/MARC21/slim">

  <leader>01391nam a2200301   4500</leader>
  <datafield tag="952" ind1=" " ind2=" ">
    <subfield code="0">0</subfield>
    <subfield code="1">0</subfield>
    <subfield code="2">lcc</subfield>
    <subfield code="4">0</subfield>
    <subfield code="7">0</subfield>
    <subfield code="a">03</subfield>
    <subfield code="b">03</subfield>
    <subfield code="d">2015-08-04</subfield>
    <subfield code="l">9</subfield>
    <subfield code="o">QA300 A7518 2009</subfield>
    <subfield code="p">03 008210</subfield>
    <subfield code="r">2019-03-27</subfield>
    <subfield code="s">2019-03-27</subfield>
    <subfield code="t">1</subfield>
    <subfield code="w">2015-08-04</subfield>
    <subfield code="y">LB</subfield>
  </datafield>
  <datafield tag="952" ind1=" " ind2=" ">
    <subfield code="0">0</subfield>
    <subfield code="1">0</subfield>
    <subfield code="2">lcc</subfield>
    <subfield code="4">0</subfield>
    <subfield code="7">0</subfield>
    <subfield code="a">21</subfield>
    <subfield code="b">21</subfield>
    <subfield code="d">2015-12-21</subfield>
    <subfield code="l">1</subfield>
    <subfield code="m">1</subfield>
    <subfield code="o">QA300 A7918 2009</subfield>
    <subfield code="p">21 000620</subfield>
    <subfield code="r">2022-11-17</subfield>
    <subfield code="s">2022-11-12</subfield>
    <subfield code="t">1</subfield>
    <subfield code="w">2015-12-21</subfield>
    <subfield code="y">LB</subfield>
  </datafield>
  <datafield tag="952" ind1=" " ind2=" ">
    <subfield code="0">0</subfield>
    <subfield code="1">0</subfield>
    <subfield code="2">lcc</subfield>
    <subfield code="4">0</subfield>
    <subfield code="7">0</subfield>
    <subfield code="a">21</subfield>
    <subfield code="b">21</subfield>
    <subfield code="d">2015-12-22</subfield>
    <subfield code="l">2</subfield>
    <subfield code="m">1</subfield>
    <subfield code="o">QA300 A7918 2009</subfield>
    <subfield code="p">21 000668</subfield>
    <subfield code="r">2019-08-19</subfield>
    <subfield code="s">2019-08-13</subfield>
    <subfield code="t">2</subfield>
    <subfield code="w">2015-12-22</subfield>
    <subfield code="y">LB</subfield>
  </datafield>
  <datafield tag="952" ind1=" " ind2=" ">
    <subfield code="0">0</subfield>
    <subfield code="1">0</subfield>
    <subfield code="2">lcc</subfield>
    <subfield code="4">0</subfield>
    <subfield code="7">0</subfield>
    <subfield code="a">21</subfield>
    <subfield code="b">21</subfield>
    <subfield code="d">2015-12-22</subfield>
    <subfield code="l">3</subfield>
    <subfield code="o">QA300 A7918 2009</subfield>
    <subfield code="p">21 000829</subfield>
    <subfield code="r">2018-08-14</subfield>
    <subfield code="s">2018-08-14</subfield>
    <subfield code="t">3</subfield>
    <subfield code="w">2015-12-22</subfield>
    <subfield code="y">LB</subfield>
  </datafield>
  <datafield tag="952" ind1=" " ind2=" ">
    <subfield code="0">0</subfield>
    <subfield code="1">0</subfield>
    <subfield code="4">0</subfield>
    <subfield code="7">0</subfield>
    <subfield code="a">01</subfield>
    <subfield code="b">01</subfield>
    <subfield code="d">2018-07-13</subfield>
    <subfield code="l">1</subfield>
    <subfield code="m">1</subfield>
    <subfield code="o">510 A97m 2009</subfield>
    <subfield code="p">01 014608</subfield>
    <subfield code="r">2024-09-28</subfield>
    <subfield code="s">2024-09-18</subfield>
    <subfield code="t">1</subfield>
    <subfield code="w">2018-07-13</subfield>
    <subfield code="y">LB</subfield>
  </datafield>
  <datafield tag="952" ind1=" " ind2=" ">
    <subfield code="0">0</subfield>
    <subfield code="1">0</subfield>
    <subfield code="2">lcc</subfield>
    <subfield code="4">0</subfield>
    <subfield code="7">0</subfield>
    <subfield code="a">12</subfield>
    <subfield code="b">12</subfield>
    <subfield code="d">2018-07-19</subfield>
    <subfield code="l">4</subfield>
    <subfield code="o">QA300 A7918 2009</subfield>
    <subfield code="p">24 000597</subfield>
    <subfield code="r">2024-04-04</subfield>
    <subfield code="s">2019-08-27</subfield>
    <subfield code="t">1</subfield>
    <subfield code="w">2018-07-19</subfield>
    <subfield code="y">LB</subfield>
    <subfield code="f"></subfield>
  </datafield>
  <datafield tag="999" ind1=" " ind2=" ">
    <subfield code="c">96361</subfield>
    <subfield code="d">96361</subfield>
  </datafield>
  <controlfield tag="005">20231102151815.0</controlfield>
  <controlfield tag="008">150804s2009    mx a|||| |||| 00| 0 spa d</controlfield>
  <datafield tag="020" ind1=" " ind2=" ">
    <subfield code="a">9786074429565</subfield>
  </datafield>
  <datafield tag="050" ind1=" " ind2="4">
    <subfield code="a">QA300</subfield>
    <subfield code="b">A7518 2009</subfield>
  </datafield>
  <datafield tag="082" ind1=" " ind2="4">
    <subfield code="a">510</subfield>
    <subfield code="b">A97m 2009</subfield>
  </datafield>
  <datafield tag="100" ind1="1" ind2=" ">
    <subfield code="a">Arya, Jagdish</subfield>
    <subfield code="e">autor</subfield>
  </datafield>
  <datafield tag="240" ind1=" " ind2=" ">
    <subfield code="a">Mathematica analysis for business, economics, and the life and social science</subfield>
    <subfield code="l">espa&#xF1;ol</subfield>
  </datafield>
  <datafield tag="245" ind1=" " ind2=" ">
    <subfield code="a">Matem&#xE1;ticas Aplicadas a la Administraci&#xF3;n y a la Econom&#xED;a</subfield>
    <subfield code="c"> / Jagdish C. Arya, Robin W. Lardner ; con la colaboraci&#xF3;n de V&#xED;ctor Hugo Ibarra Mercado ; traducci&#xF3;n, V&#xED;ctor Hugo Ibarra</subfield>
  </datafield>
  <datafield tag="250" ind1=" " ind2=" ">
    <subfield code="a">5a. edici&#xF3;n</subfield>
  </datafield>
  <datafield tag="260" ind1="3" ind2=" ">
    <subfield code="a">M&#xE9;xico</subfield>
    <subfield code="b"> : Pearson</subfield>
    <subfield code="c">, 2009</subfield>
  </datafield>
  <datafield tag="300" ind1=" " ind2=" ">
    <subfield code="a">xiv, 842 p&#xE1;ginas</subfield>
    <subfield code="b"> : ilustraciones</subfield>
  </datafield>
  <datafield tag="500" ind1=" " ind2=" ">
    <subfield code="a">Incluye:
ap&#xE9;ndice (pp. 773-779)
&#xED;ndice alfab&#xE9;tico (pp.831-842)</subfield>
  </datafield>
  <datafield tag="505" ind1=" " ind2=" ">
    <subfield code="a">&#xC1;lgebra
Matem&#xE1;ticas finitas
C&#xE1;lculo</subfield>
  </datafield>
  <datafield tag="519" ind1=" " ind2=" ">
    <subfield code="a">Plan Flexible /</subfield>
    <subfield code="b">Contadur&#xED;a / </subfield>
    <subfield code="c">Estad&#xED;stica Inferencial (M07-3) /</subfield>
    <subfield code="d">(03 003995)
</subfield>
  </datafield>
  <datafield tag="519" ind1=" " ind2=" ">
    <subfield code="a">Plan Flexible /</subfield>
    <subfield code="b">Administraci&#xF3;n / </subfield>
    <subfield code="c">Estad&#xED;stica Inferencial (M07-1) /</subfield>
    <subfield code="d">(03 008210)
</subfield>
  </datafield>
  <datafield tag="519" ind1=" " ind2=" ">
    <subfield code="a">Plan Flexible /</subfield>
    <subfield code="b">Contador P&#xFA;blico IPN / 
</subfield>
    <subfield code="c">Matem&#xE1;ticas  Para Negocios  (N1-I-1)  </subfield>
    <subfield code="d">(24 000597)
</subfield>
  </datafield>
  <datafield tag="650" ind1="1" ind2="4">
    <subfield code="a">AN&#xC1;LISIS MATEM&#xC1;TICO</subfield>
  </datafield>
  <datafield tag="650" ind1="2" ind2="4">
    <subfield code="a">ECONOM&#xCD;A MATEM&#xC1;TICA</subfield>
  </datafield>
  <datafield tag="650" ind1="2" ind2="4">
    <subfield code="a">MATEM&#xC1;TICAS EN NEGOCIOS</subfield>
  </datafield>
  <datafield tag="700" ind1="1" ind2=" ">
    <subfield code="a">Lardner, Robin W.</subfield>
    <subfield code="e">autor</subfield>
  </datafield>
  <datafield tag="700" ind1="1" ind2=" ">
    <subfield code="a">Ibarra Mercado, V&#xED;ctor Hugo</subfield>
    <subfield code="e">traductor</subfield>
  </datafield>
  <datafield tag="942" ind1=" " ind2=" ">
    <subfield code="c">LB</subfield>
    <subfield code="2">lcc</subfield>
  </datafield>
</record>
